| 000 | 01491nam0a2200361 4500 | ||
|---|---|---|---|
| 001 | RU\NLR\ONL2\25602 | ||
| 005 | 20250613224340.0 | ||
| 010 |
_a978-601-7340-20-9 _9500 |
||
| 035 | _a(NLR Aleph) 010212557 | ||
| 090 |
_a10280608 _c10280608 |
||
| 100 | _a20130320d2011 |||y0rusy50 ca | ||
| 101 | 0 | _akaz | |
| 102 | _aRU | ||
| 105 | _ay ||||||||| | ||
| 200 | 1 |
_aОрта гасырдагы туркi тiлдерiнiн даму тарихы _fИсабекова У. К. _gТуркi акад. |
|
| 210 |
_aАстана _cСарыарка _d2011 |
||
| 215 |
_a223 б. _d25 |
||
| 225 | 1 | _aКазiргi туркология | |
| 300 | _aНа тит. л. и обл. также: Казакстан мауелсiздiгiне 20 жыл | ||
| 300 | _aПредисл. и биогр. данные авт. парал. казах., рус, англ. | ||
| 320 | _aБиблиогр.: с. 201-213 (223 назв.) и в подстроч. примеч. | ||
| 541 | 1 |
_aОсобенности развития тюркских языков в эпоху средних веков _zrus |
|
| 606 | 0 |
_aТюркские языки _xИстория _91816512 _3RU\NLR\auth\661112741 |
|
| 686 | 1 | _aШ163-012 | |
| 700 | 1 |
_aИсабекова _bУ. К. _gУлдар Келдибеккызы _4070 |
|
| 801 | 0 |
_aRU _bNLR _c20130321 _gPSBO |
|
| 852 |
_aNLR _jКазах./4-964 _m38215 |
||
| 852 |
_aNLR _bОНЛ |
||
| 942 | _cBOOK | ||
| 980 | _aNB | ||
| 980 | _aONL_RF | ||